[Event "NED-ch 2012"]
[Site "Amsterdam"]
[Date "2012.07.15"]
[Round "1"]
[White "Ernst, Sipke"]
[Black "Swinkels, Robin"]
[Result "1/2-1/2"]
[WhiteElo "2558"]
[BlackElo "2485"]
[PlyCount "130"]
[EventDate "2012.07.15"]

1. d4 Nf6 2. c4 e5 3. dxe5 Ng4 4. Nh3 Nxe5 5. e3 Bb4+ 6. Bd2 Bxd2+ 7. Qxd2 d6
8. Nf4 Nbd7 9. Be2 a5 10. Nc3 Nc5 11. O-O O-O 12. Rfd1 Bd7 13. f3 Bc6 14. Qe1
f5 15. Qg3 Rf7 16. Rd2 Qe7 17. Rad1 Re8 18. Ncd5 Bxd5 19. Nxd5 Qe6 20. Rc1 Ng6
21. Rc3 f4 22. exf4 Qf5 23. Bf1 Nxf4 24. Nxf4 Qxf4 25. Qxf4 Rxf4 26. g3 Rf7 27.
Re2 Rfe7 28. Kf2 Rxe2+ 29. Bxe2 Kf7 30. h4 Kf6 31. Bd1 h6 32. Bc2 g5 33. h5 Re7
34. Bg6 b6 35. Rc2 Nd7 36. Rc3 Nc5 37. b3 Nd7 38. Bb1 Nc5 39. Rc1 Nd7 40. Rd1
Kg7 41. Bg6 Ne5 42. Bf5 Rf7 43. g4 Re7 44. Rd4 Nc6 45. Rd2 Nb4 46. Rb2 Re5 47.
Bb1 Na6 48. a3 Nc5 49. b4 Ne6 50. Be4 Nf4 51. Ke3 Kf6 52. Kd4 Ne6+ 53. Kc3 Nf4
54. Kb3 Ne6 55. Rd2 Ke7 56. Ka4 axb4 57. axb4 c5 58. Kb5 cxb4+ 59. Kxb4 Nc5 60.
Bd5 Re3 61. Kb5 Kd7 62. Kxb6 Rb3+ 63. Ka5 Ra3+ 64. Kb4 Rb3+ 65. Ka5 Ra3+
1/2-1/2

[Event "NED-ch 2012"]
[Site "Amsterdam"]
[Date "2012.07.15"]
[Round "1"]
[White "Giri, Anish"]
[Black "Sokolov, Ivan"]
[Result "1-0"]
[WhiteElo "2696"]
[BlackElo "2676"]
[PlyCount "81"]
[EventDate "2012.07.15"]

1. d4 Nf6 2. c4 e6 3. Nf3 d5 4. g3 Be7 5. Bg2 O-O 6. O-O Nc6 7. b3 Ne4 8. Bb2
b6 9. Nc3 Bb7 10. e3 a5 11. Na4 f5 12. Ne1 Qe8 13. Nd3 Bf6 14. a3 Rd8 15. Qc2
Rf7 16. Rac1 g5 17. f3 Nd6 18. Ne5 Bxe5 19. dxe5 Nc8 20. cxd5 exd5 21. f4 g4
22. Rfd1 Qe6 23. Nc3 Rfd7 24. Nb5 N8e7 25. Qd2 h5 26. Qf2 d4 27. exd4 Qxb3 28.
Qc2 Qxb5 29. Bf1 Qxf1+ 30. Rxf1 Rd5 31. Rfe1 Kh7 32. e6 Kg6 33. a4 h4 34. gxh4
Rh8 35. Qf2 Rh7 36. Re3 Rd6 37. h3 Nd5 38. Rg3 Rxe6 39. hxg4 Re4 40. gxf5+ Kf7
41. Qg2 1-0

[Event "NED-ch 2012"]
[Site "Amsterdam"]
[Date "2012.07.15"]
[Round "1"]
[White "Reinderman, Dimitri"]
[Black "Smeets, Jan"]
[Result "1/2-1/2"]
[WhiteElo "2598"]
[BlackElo "2620"]
[PlyCount "78"]
[EventDate "2012.07.15"]

1. c4 c6 2. e4 d5 3. exd5 cxd5 4. d4 Nf6 5. Nc3 Nc6 6. Nf3 Bg4 7. cxd5 Nxd5 8.
Qb3 Bxf3 9. gxf3 e6 10. Qxb7 Nxd4 11. Bb5+ Nxb5 12. Qc6+ Ke7 13. Qxb5 Nxc3 14.
bxc3 Rb8 15. Qc5+ Ke8 16. Qxa7 Bd6 17. Ke2 Qc8 18. Qd4 Qa6+ 19. Qd3 Qc6 20. Rd1
Ke7 21. a4 h6 22. a5 Rhd8 23. a6 Be5 24. Qe4 Qxc3 25. Ba3+ Kf6 26. a7 Ra8 27.
Rxd8 Rxd8 28. Rd1 Qxa3 29. Rxd8 Qxa7 30. f4 Bb2 31. Rd2 Ba1 32. Qc4 Qb7 33. Qa4
Bc3 34. Rd3 Qb4 35. Qc2 Qe4+ 36. Kf1 Qh1+ 37. Ke2 Qe4+ 38. Kf1 Qh1+ 39. Ke2
Qe4+ 1/2-1/2

[Event "NED-ch 2012"]
[Site "Amsterdam"]
[Date "2012.07.15"]
[Round "1"]
[White "L'Ami, Erwin"]
[Black "Van Kampen, Robin"]
[Result "1/2-1/2"]
[WhiteElo "2615"]
[BlackElo "2560"]
[PlyCount "85"]
[EventDate "2012.07.15"]

1. d4 Nf6 2. c4 e6 3. Nf3 d5 4. Nc3 Bb4 5. Bg5 Nbd7 6. e3 c5 7. cxd5 exd5 8.
Qc2 Qa5 9. Bd3 c4 10. Bf5 O-O 11. O-O Re8 12. Nd2 g6 13. Bh3 Kg7 14. Rae1 h6
15. Bh4 g5 16. Bxd7 Bxd7 17. Bg3 Nh5 18. f4 Nxg3 19. hxg3 g4 20. f5 f6 21. Kh2
h5 22. e4 dxe4 23. Nxc4 Qa6 24. Ne5 Bxc3 25. bxc3 Bc6 26. c4 Rad8 27. Qf2 Qa5
28. Nxc6 bxc6 29. Qe3 Rd7 30. Re2 Qb4 31. Rc2 Qd6 32. Rd2 Qb4 33. Rc1 Qa5 34.
d5 Re5 35. Rcd1 cxd5 36. cxd5 Rexd5 37. Rxd5 Rxd5 38. Rb1 Rd7 39. Qxe4 Qxa2 40.
Rb8 Qf7 41. Qc6 Rc7 42. Qd6 Rd7 43. Qc6 1/2-1/2

[Event "NED-ch 2012"]
[Site "Amsterdam"]
[Date "2012.07.16"]
[Round "2"]
[White "Smeets, Jan"]
[Black "L'Ami, Erwin"]
[Result "0-1"]
[WhiteElo "2620"]
[BlackElo "2615"]
[PlyCount "62"]
[EventDate "2012.07.15"]

1. e4 c5 2. Nc3 Nc6 3. Nf3 Nf6 4. d4 cxd4 5. Nxd4 e5 6. Ndb5 d6 7. a4 a6 8. Na3
Be6 9. Nc4 Rc8 10. Bg5 h6 11. Bxf6 Qxf6 12. Nb6 Rb8 13. Bc4 Qg5 14. O-O Be7 15.
Qd3 Nb4 16. Qe2 Bd8 17. Ncd5 Nxd5 18. Nxd5 O-O 19. Ra3 Qg4 20. Qd3 b5 21. axb5
axb5 22. Bxb5 Kh8 23. Ra6 Bxd5 24. Qxd5 Bb6 25. c3 Bc5 26. Qd3 f5 27. exf5 e4
28. Qc4 Qxf5 29. Kh1 Bxf2 30. Bc6 Qh5 31. h3 e3 0-1

[Event "NED-ch 2012"]
[Site "Amsterdam"]
[Date "2012.07.16"]
[Round "2"]
[White "Swinkels, Robin"]
[Black "Van Kampen, Robin"]
[Result "0-1"]
[WhiteElo "2485"]
[BlackElo "2560"]
[PlyCount "100"]
[EventDate "2012.07.15"]

1. c4 Nf6 2. Nf3 e6 3. g3 d5 4. Bg2 d4 5. O-O c5 6. e3 Nc6 7. exd4 cxd4 8. d3
Be7 9. a3 a5 10. Re1 O-O 11. Bg5 Nd7 12. Bxe7 Qxe7 13. b3 Rb8 14. Qc2 b6 15.
Nbd2 Bb7 16. Ne4 Rfd8 17. Re2 h6 18. Ned2 Ba8 19. Ne4 Rbc8 20. Qb2 f5 21. Ned2
Nc5 22. Qc2 Qd6 23. Rae1 Re8 24. Nh4 Kf7 25. Bf3 g6 26. g4 fxg4 27. Bxg4 Qf4
28. f3 Kg7 29. Ng2 Qd6 30. Ne4 Nxe4 31. Rxe4 Nd8 32. Re5 Rc5 33. Qe2 h5 34.
Rxc5 bxc5 35. Bh3 Nf7 36. f4 Bxg2 37. Bxg2 Qxf4 38. Rf1 Qe3+ 39. Qxe3 dxe3 40.
Re1 Rb8 41. Rxe3 Kf6 42. Rf3+ Ke7 43. d4 cxd4 44. Rd3 Ne5 45. Rxd4 Rxb3 46. c5
Rxa3 47. c6 Rc3 48. Ra4 Nxc6 49. Bxc6 Rxc6 50. Rxa5 Rc2 0-1

[Event "NED-ch 2012"]
[Site "Amsterdam"]
[Date "2012.07.16"]
[Round "2"]
[White "Sokolov, Ivan"]
[Black "Reinderman, Dimitri"]
[Result "1-0"]
[WhiteElo "2676"]
[BlackElo "2598"]
[PlyCount "55"]
[EventDate "2012.07.15"]

1. d4 f5 2. Nc3 Nf6 3. Bg5 d5 4. e3 e6 5. Nf3 Be7 6. Bd3 O-O 7. O-O b6 8. Ne2
h6 9. Bh4 c5 10. c4 Nc6 11. a3 g5 12. Bg3 Ne4 13. Ne5 Bb7 14. cxd5 exd5 15.
Nxc6 Bxc6 16. Be5 Qd7 17. f3 Nd6 18. Ng3 Nc4 19. f4 Qe6 20. Qe2 Rf7 21. fxg5
Bxg5 22. Nxf5 Nxe5 23. dxe5 Raf8 24. h4 Bd8 25. Qh5 Rh7 26. Nd6 Rxf1+ 27. Rxf1
Rg7 28. Bf5 1-0

[Event "NED-ch 2012"]
[Site "Amsterdam"]
[Date "2012.07.17"]
[Round "3"]
[White "Van Kampen, Robin"]
[Black "Smeets, Jan"]
[Result "1/2-1/2"]
[WhiteElo "2560"]
[BlackElo "2620"]
[PlyCount "61"]
[EventDate "2012.07.15"]

1. e4 d5 2. exd5 Qxd5 3. Nc3 Qa5 4. d4 Nf6 5. Nf3 Bf5 6. Bc4 e6 7. Bd2 c6 8.
Nd5 Qd8 9. Nxf6+ gxf6 10. Bb3 Nd7 11. Nh4 Bg6 12. Qf3 a5 13. a4 f5 14. g3 Bg7
15. Bc3 Nf6 16. Ng2 Bh5 17. Qd3 Nd5 18. O-O Nxc3 19. bxc3 Bh6 20. c4 Qf6 21. c3
f4 22. Bd1 Bg6 23. Qf3 O-O-O 24. Re1 c5 25. h4 Rhg8 26. g4 cxd4 27. h5 Bxh5 28.
gxh5 Qf5 29. cxd4 Rxd4 30. Ra3 e5 31. Qh3 1/2-1/2

[Event "NED-ch 2012"]
[Site "Amsterdam"]
[Date "2012.07.17"]
[Round "3"]
[White "Reinderman, Dimitri"]
[Black "Ernst, Sipke"]
[Result "0-1"]
[WhiteElo "2598"]
[BlackElo "2558"]
[PlyCount "62"]
[EventDate "2012.07.15"]

1. c4 Nf6 2. Nc3 d5 3. cxd5 Nxd5 4. d4 g6 5. e4 Nxc3 6. bxc3 Bg7 7. Bg5 c5 8.
Rc1 cxd4 9. cxd4 O-O 10. d5 Qd6 11. Qd2 f5 12. Bd3 Nd7 13. exf5 Nc5 14. fxg6
Nxd3+ 15. Qxd3 Bf5 16. gxh7+ Bxh7 17. Qb3 Be4 18. Ne2 Bxd5 19. Bxe7 Qe6 20. Qe3
Rfe8 21. Rc7 Qb6 22. Qf4 Qb1+ 23. Nc1 Qg6 24. Ne2 Qb1+ 25. Nc1 Qg6 26. Ne2 Rac8
27. Rxc8 Rxc8 28. f3 Re8 29. Bg5 Qd3 30. Qd2 Bc3 31. Qxc3 Qxe2# 0-1

[Event "NED-ch 2012"]
[Site "Amsterdam"]
[Date "2012.07.17"]
[Round "3"]
[White "L'Ami, Erwin"]
[Black "Sokolov, Ivan"]
[Result "1/2-1/2"]
[WhiteElo "2615"]
[BlackElo "2676"]
[PlyCount "200"]
[EventDate "2012.07.15"]

1. e4 e5 2. Nf3 Nc6 3. Bb5 a6 4. Ba4 Nf6 5. O-O b5 6. Bb3 Bb7 7. c3 Nxe4 8. d4
exd4 9. Re1 d5 10. Nxd4 Nxd4 11. Qxd4 c5 12. Qe5+ Qe7 13. Qh5 O-O-O 14. f3 Nf6
15. Rxe7 Nxh5 16. Rxf7 Re8 17. Kf1 Bd6 18. g3 Rhf8 19. Rxf8 Rxf8 20. Bd1 Nf6
21. Be3 Ng4 22. Bg1 Ne5 23. Nd2 g5 24. Be3 h6 25. Be2 Kc7 26. Ke1 Re8 27. Kf2
Nd7 28. Nb3 Rf8 29. Ke1 Kb6 30. Nd2 a5 31. b4 axb4 32. cxb4 d4 33. Bf2 Ne5 34.
Rb1 Nxf3+ 35. Nxf3 Bxf3 36. bxc5+ Bxc5 37. Bxb5 g4 38. Bc4+ Kc6 39. a4 Be4 40.
Rb2 d3 41. Ba6 d2+ 42. Rxd2 Bb4 43. Bb5+ Kb7 44. Be3 h5 45. Ke2 Bf3+ 46. Kd3
Rd8+ 47. Kc2 Rc8+ 48. Kd3 Rd8+ 49. Kc2 Bxd2 50. Bxd2 Bc6 51. Be3 Rd5 52. Bc4
Bxa4+ 53. Kc3 Rd7 54. Bd3 Bc6 55. Bg6 Rd5 56. Bf7 Re5 57. Bf4 Ra5 58. Kd4 Bf3
59. Bd2 Rb5 60. Bc4 Rb2 61. Kc3 Rb1 62. Bf7 Rb5 63. Bc4 Rf5 64. Kd4 Kc6 65. Be6
Rb5 66. Bc4 Rb2 67. Kc3 Rb7 68. Bf4 Bd5 69. Bd3 Rb3+ 70. Kd4 Bf7 71. Be4+ Kd7
72. Bc1 Rb6 73. Bf5+ Ke7 74. Bg5+ Kf8 75. h3 Rb4+ 76. Kc5 Rc4+ 77. Kd6 Rd4+ 78.
Kc6 Kg7 79. hxg4 hxg4 80. Bf4 Rc4+ 81. Kb5 Rxf4 82. gxf4 g3 83. Bh3 Kf6 84. Kb4
Be6 85. Bg2 Kf5 86. Kc3 Kxf4 87. Kd2 Bc4 88. Bc6 Bf1 89. Bb7 Kg4 90. Ke1 Bb5
91. Bg2 Bc4 92. Kd2 Kh4 93. Ke1 Kg5 94. Kd2 Kf4 95. Bc6 Ba6 96. Bd5 Bf1 97. Bc6
Bh3 98. Ke2 Bg4+ 99. Kf1 Bf3 100. Bb5 Ke5 1/2-1/2

[Event "NED-ch 2012"]
[Site "Amsterdam"]
[Date "2012.07.17"]
[Round "3"]
[White "Giri, Anish"]
[Black "Swinkels, Robin"]
[Result "1-0"]
[WhiteElo "2696"]
[BlackElo "2485"]
[PlyCount "81"]
[EventDate "2012.07.15"]

1. c4 e6 2. g3 d5 3. d4 c5 4. cxd5 exd5 5. Nf3 Nc6 6. Bg2 Nf6 7. O-O Be7 8. b3
O-O 9. Bb2 Re8 10. Nc3 Bg4 11. dxc5 Bxc5 12. Rc1 Bf8 13. h3 Bh5 14. Nb5 Ne4 15.
Nbd4 Rc8 16. Rc2 Nb4 17. Rxc8 Qxc8 18. a3 Na6 19. Qc1 Nac5 20. Nh4 Be7 21. Ndf5
Bxh4 22. Nxg7 Bg5 23. Qd1 Bg6 24. Nxe8 Qxe8 25. Qxd5 Qe6 26. Rd1 Qxd5 27. Rxd5
Be7 28. b4 Na4 29. Ba1 Nec3 30. Rd7 Bf6 31. Kf1 b5 32. Rxa7 Kg7 33. g4 h6 34.
Bc6 Bc2 35. Ra6 Bd4 36. e3 Bd3+ 37. Ke1 Bf6 38. h4 Bc4 39. g5 hxg5 40. hxg5
Bxg5 41. Rxa4 1-0

[Event "NED-ch 2012"]
[Site "Amsterdam"]
[Date "2012.07.18"]
[Round "4"]
[White "Sokolov, Ivan"]
[Black "Van Kampen, Robin"]
[Result "1/2-1/2"]
[WhiteElo "2676"]
[BlackElo "2560"]
[PlyCount "86"]
[EventDate "2012.07.15"]

1. d4 Nf6 2. c4 g6 3. Nc3 d5 4. cxd5 Nxd5 5. Bd2 Bg7 6. e4 Nxc3 7. Bxc3 O-O 8.
Nf3 Bg4 9. Bc4 c5 10. d5 Bxc3+ 11. bxc3 Qd6 12. e5 Qc7 13. O-O Nd7 14. Re1 Rad8
15. d6 exd6 16. exd6 Qc6 17. Bd5 Qa6 18. h3 Bxf3 19. Qxf3 Qxd6 20. Rad1 Qf6 21.
Qxf6 Nxf6 22. Bxb7 Rxd1 23. Rxd1 Rb8 24. Bf3 Kg7 25. Kf1 Rb2 26. a4 Rb3 27. Rd3
c4 28. Re3 Kf8 29. Bc6 a6 30. g4 Rb6 31. Bf3 Rd6 32. g5 Nd5 33. Re4 Nxc3 34.
Rxc4 Rd3 35. Bb7 a5 36. Kg2 Kg7 37. Bc6 Nd5 38. Re4 h6 39. h4 hxg5 40. hxg5 f6
41. Bxd5 Rxd5 42. Re7+ Kf8 43. gxf6 Rd4 1/2-1/2

[Event "NED-ch 2012"]
[Site "Amsterdam"]
[Date "2012.07.18"]
[Round "4"]
[White "Swinkels, Robin"]
[Black "Smeets, Jan"]
[Result "1-0"]
[WhiteElo "2485"]
[BlackElo "2620"]
[PlyCount "147"]
[EventDate "2012.07.15"]

1. c4 c6 2. Nf3 d5 3. e3 Nf6 4. Nc3 e6 5. b3 Bd6 6. Bb2 Nbd7 7. Qc2 a6 8. d4 b6
9. Be2 Bb7 10. O-O O-O 11. e4 Nxe4 12. Nxe4 dxe4 13. Qxe4 Re8 14. Rad1 Qc7 15.
Bd3 f5 16. Qh4 Be7 17. Qh3 Bf6 18. Bc1 g6 19. Bg5 c5 20. d5 e5 21. Qg3 Kh8 22.
h4 Qd8 23. h5 e4 24. hxg6 exf3 25. Qh3 Qe7 26. Rfe1 Bxg5 27. Rxe7 Rxe7 28. gxh7
fxg2 29. Qxf5 Bf6 30. Kxg2 Rf8 31. Qh3 Bd4 32. Bf5 Ne5 33. Rg1 Ref7 34. Kf1 Bc8
35. Rg8+ Rxg8 36. hxg8=Q+ Kxg8 37. Bxc8 Rxf2+ 38. Ke1 Nf3+ 39. Kd1 Kf8 40. Bg4
Ne5 41. Qh6+ Ke8 42. Qe6+ Kf8 43. Be2 Nf7 44. d6 Bf6 45. d7 Be7 46. Qxb6 Rf6
47. Qb8+ Nd8 48. Bg4 Rg6 49. Qf4+ Rf6 50. Qe4 Rd6+ 51. Ke2 Kf7 52. Bh5+ Kf8 53.
Qh7 Bf6 54. Qf5 Ke7 55. Bg4 Re6+ 56. Kd1 Re5 57. Qh7+ Kd6 58. Qg6 Ke7 59. Qh7+
Kd6 60. Qh6 Ke7 61. Qh1 Rg5 62. Qe4+ Kf7 63. a3 a5 64. Bf5 Be7 65. Qf3 Kf6 66.
Bg4+ Ke5 67. Qg3+ Kf6 68. Qc3+ Kf7 69. Bf3 Ke6 70. Qd2 Bf6 71. a4 Ke7 72. Qxa5
Kxd7 73. Qa7+ Kc8 74. Qa6+ 1-0

[Event "NED-ch 2012"]
[Site "Amsterdam"]
[Date "2012.07.18"]
[Round "4"]
[White "Ernst, Sipke"]
[Black "L'Ami, Erwin"]
[Result "0-1"]
[WhiteElo "2558"]
[BlackElo "2615"]
[PlyCount "100"]
[EventDate "2012.07.15"]

1. d4 Nf6 2. c4 e6 3. Nc3 Bb4 4. g3 c5 5. Nf3 cxd4 6. Nxd4 Ne4 7. Bd2 Nxd2 8.
Qxd2 Nc6 9. Bg2 Ne5 10. b3 O-O 11. O-O a6 12. Nc2 Be7 13. Rfd1 d6 14. Qe3 Qc7
15. Na4 Nd7 16. Rac1 Rb8 17. Qa7 Nc5 18. Nb4 Bd8 19. Nxc5 dxc5 20. Rxd8 Qxd8
21. Qxb8 cxb4 22. c5 Qd2 23. Qf4 Rd8 24. c6 Qxf4 25. gxf4 bxc6 26. Rxc6 e5 27.
Rb6 Rd1+ 28. Bf1 exf4 29. Rb8 Rc1 30. Kg2 g5 31. e3 fxe3 32. fxe3 Kg7 33. Bc4
Bf5 34. Rxb4 Be4+ 35. Kf2 Rc2+ 36. Ke1 Rxh2 37. a4 a5 38. Rb5 f5 39. Bd5 Bxd5
40. Rxd5 Kf6 41. Rxa5 g4 42. Ra8 h5 43. a5 h4 44. a6 Ra2 45. Rf8+ Kg6 46. Rg8+
Kf7 47. Rh8 h3 48. b4 h2 49. a7 g3 50. a8=N g2 0-1

[Event "NED-ch 2012"]
[Site "Amsterdam"]
[Date "2012.07.19"]
[Round "5"]
[White "Reinderman, Dimitri"]
[Black "Swinkels, Robin"]
[Result "1/2-1/2"]
[WhiteElo "2598"]
[BlackElo "2485"]
[PlyCount "43"]
[EventDate "2012.07.15"]

1. c4 e6 2. g3 d5 3. Bg2 c5 4. Nf3 Nc6 5. O-O Nf6 6. cxd5 exd5 7. d4 Be7 8. Nc3
O-O 9. dxc5 Bxc5 10. Na4 Be7 11. Be3 Re8 12. Rc1 Bg4 13. Nc5 Qb6 14. Nb3 Qa6
15. a3 Rac8 16. Re1 h6 17. h3 Bf5 18. Bc5 Be4 19. e3 Bxc5 20. Nxc5 Qb6 21. b4
a5 22. bxa5 1/2-1/2

[Event "NED-ch 2012"]
[Site "Amsterdam"]
[Date "2012.07.19"]
[Round "5"]
[White "L'Ami, Erwin"]
[Black "Giri, Anish"]
[Result "0-1"]
[WhiteElo "2615"]
[BlackElo "2696"]
[PlyCount "64"]
[EventDate "2012.07.15"]

1. Nf3 d5 2. d4 Nf6 3. c4 e6 4. Nc3 Bb4 5. Bg5 h6 6. Bxf6 Qxf6 7. e3 O-O 8. Rc1
dxc4 9. Bxc4 c5 10. O-O cxd4 11. exd4 Rd8 12. Ne4 Qe7 13. Qe2 Bd7 14. Ne5 Nc6
15. Rfd1 Be8 16. Qe3 Nxe5 17. dxe5 Rxd1+ 18. Rxd1 Rd8 19. Rd4 Bc6 20. Bd3 a6
21. a3 Ba5 22. Rxd8+ Qxd8 23. Nd6 Bc7 24. Qd4 Qg5 25. Bf1 Qc1 26. Nc4 Bb5 27.
a4 Bxa4 28. Qc5 Bc6 29. Qe7 Bb6 30. h3 Ba7 31. Qd8+ Kh7 32. g3 Bd5 0-1

[Event "NED-ch 2012"]
[Site "Amsterdam"]
[Date "2012.07.19"]
[Round "5"]
[White "Van Kampen, Robin"]
[Black "Ernst, Sipke"]
[Result "1/2-1/2"]
[WhiteElo "2560"]
[BlackElo "2558"]
[PlyCount "64"]
[EventDate "2012.07.15"]

1. e4 e5 2. Nf3 Nc6 3. Bb5 a6 4. Ba4 Nf6 5. O-O Nxe4 6. d4 b5 7. Bb3 d5 8. dxe5
Be6 9. Nbd2 Be7 10. c3 O-O 11. Re1 Nc5 12. Nd4 Qd7 13. Nxe6 fxe6 14. Bc2 d4 15.
Nb3 Rad8 16. Nxd4 Nxd4 17. cxd4 Qxd4 18. Qe2 Rd5 19. Be3 Qxe5 20. Bxc5 Qxe2 21.
Rxe2 Bxc5 22. Bb3 Rd6 23. Bxe6+ Kh8 24. Bg4 Bd4 25. Rc1 c5 26. b3 g6 27. Rcc2
h5 28. Re6 Rxe6 29. Bxe6 Re8 30. Re2 Kg7 31. Kf1 Kf6 32. Bh3 Rxe2 1/2-1/2

[Event "NED-ch 2012"]
[Site "Amsterdam"]
[Date "2012.07.19"]
[Round "5"]
[White "Smeets, Jan"]
[Black "Sokolov, Ivan"]
[Result "0-1"]
[WhiteElo "2620"]
[BlackElo "2676"]
[PlyCount "108"]
[EventDate "2012.07.15"]

1. e4 e5 2. Nf3 Nc6 3. Bb5 a6 4. Bxc6 dxc6 5. O-O Qf6 6. d4 exd4 7. Bg5 Qd6 8.
Nxd4 Be7 9. Bxe7 Nxe7 10. Nc3 O-O 11. Nde2 Qb4 12. Qc1 f5 13. Qf4 Qb6 14. b3
Ng6 15. Qe3 Qxe3 16. fxe3 fxe4 17. Rxf8+ Nxf8 18. Ng3 b6 19. Rd1 Be6 20. Ncxe4
h6 21. Nc3 Re8 22. Kf2 Nd7 23. Nge2 Nf6 24. h3 Bf7 25. Nd4 c5 26. Nde2 b5 27.
Ng3 h5 28. a3 h4 29. Nf1 Bg6 30. Rc1 Bf5 31. Nd2 g5 32. Ke2 Kg7 33. b4 cxb4 34.
axb4 c5 35. bxc5 b4 36. Nd1 Rc8 37. Nb3 Ne4 38. Ra1 Ng3+ 39. Kd2 Be4 40. Nf2
Bxg2 41. Rxa6 Rf8 42. Ke1 Re8 43. Nd4 Rxe3+ 44. Kd2 Nf1+ 45. Kc1 Re1+ 46. Kb2
Nd2 47. c4 Nxc4+ 48. Kb3 Ne5 49. Ne6+ Kg8 50. Nxg5 Nc6 51. Ng4 Bd5+ 52. Kb2 Kg7
53. Ra8 Re2+ 54. Kb1 Kg6 0-1

[Event "NED-ch 2012"]
[Site "Amsterdam"]
[Date "2012.07.20"]
[Round "6"]
[White "Giri, Anish"]
[Black "Van Kampen, Robin"]
[Result "1-0"]
[WhiteElo "2696"]
[BlackElo "2560"]
[PlyCount "59"]
[EventDate "2012.07.15"]

1. d4 Nf6 2. c4 e6 3. Nf3 d5 4. g3 dxc4 5. Bg2 Bb4+ 6. Bd2 c5 7. dxc5 Bxc5 8.
Na3 Ne4 9. O-O Nxd2 10. Nxd2 c3 11. Ne4 Qxd1 12. Raxd1 Bxa3 13. bxa3 Ke7 14.
Nxc3 Nc6 15. Rb1 Rd8 16. Rfc1 Rd2 17. Kf1 Nd8 18. Ke1 Rd7 19. Nb5 a6 20. Nc7
Rb8 21. Rb6 Rd6 22. Rxd6 Kxd6 23. Ne8+ Ke7 24. Nxg7 Bd7 25. Nh5 e5 26. f4 f6
27. fxe5 fxe5 28. Rc5 Nf7 29. Rc7 Nd8 30. Nf6 1-0

[Event "NED-ch 2012"]
[Site "Amsterdam"]
[Date "2012.07.20"]
[Round "6"]
[White "Ernst, Sipke"]
[Black "Smeets, Jan"]
[Result "0-1"]
[WhiteElo "2558"]
[BlackElo "2620"]
[PlyCount "34"]
[EventDate "2012.07.15"]

1. c4 c6 2. Nf3 d5 3. e3 Nf6 4. Nc3 e6 5. b3 Bd6 6. Bb2 Nbd7 7. d4 O-O 8. Bd3
Re8 9. Qc2 e5 10. cxd5 cxd5 11. dxe5 Nxe5 12. Nxe5 Bxe5 13. Nb5 d4 14. O-O dxe3
15. Rad1 Qb6 16. Bxe5 Rxe5 17. Bc4 Ne4 0-1

[Event "NED-ch 2012"]
[Site "Amsterdam"]
[Date "2012.07.20"]
[Round "6"]
[White "Swinkels, Robin"]
[Black "Sokolov, Ivan"]
[Result "0-1"]
[WhiteElo "2485"]
[BlackElo "2676"]
[PlyCount "94"]
[EventDate "2012.07.15"]

1. d4 d5 2. c4 e6 3. Nf3 Nd7 4. g3 dxc4 5. Bg2 Bb4+ 6. Bd2 a5 7. O-O Ne7 8. Qc2
b5 9. a4 bxa4 10. Qxa4 Rb8 11. Ne5 O-O 12. Nxc4 c5 13. Bf4 Ba6 14. Bxb8 Bxc4
15. Qc2 Ba6 16. Bd6 Nf5 17. dxc5 Nd4 18. Qa4 Bxe2 19. Nc3 Bxf1 20. Kxf1 Nxc5
21. Bxc5 Bxc5 22. Qxa5 Bb6 23. Qe5 Qe7 24. Ne2 Nb3 25. Rd1 Nc5 26. Nc3 Rd8 27.
Rxd8+ Qxd8 28. Be4 f6 29. Qf4 Nb3 30. Bc2 g5 31. Qb4 Nd4 32. Qa4 f5 33. Bb1 Kg7
34. Qa6 Qc7 35. Qa8 g4 36. Ba2 h5 37. Kg2 h4 38. h3 hxg3 39. fxg3 Qd6 40. hxg4
Bc7 41. Kf1 Qxg3 42. Qg2 Qd3+ 43. Kg1 Nf3+ 44. Kh1 Nh4 45. Bb1 Qe3 46. Qf1 Qg3
47. gxf5 Qh2# 0-1

[Event "NED-ch 2012"]
[Site "Amsterdam"]
[Date "2012.07.20"]
[Round "6"]
[White "Reinderman, Dimitri"]
[Black "L'Ami, Erwin"]
[Result "0-1"]
[WhiteElo "2598"]
[BlackElo "2615"]
[PlyCount "88"]
[EventDate "2012.07.15"]

1. c4 e5 2. Nc3 Nc6 3. Nf3 f5 4. d4 e4 5. Bg5 Be7 6. Bxe7 Ncxe7 7. Nd2 Nf6 8.
e3 O-O 9. Be2 d6 10. O-O c5 11. Nb3 b6 12. f4 Be6 13. Qd2 Bf7 14. a4 d5 15.
cxd5 Nexd5 16. dxc5 bxc5 17. Nxd5 Qxd5 18. Ra3 Rab8 19. Qxd5 Nxd5 20. Nxc5 Rxb2
21. Ba6 Rc2 22. Nb7 Nc7 23. Bb5 Bd5 24. Nd6 a6 25. Rf2 Rxf2 26. Kxf2 axb5 27.
axb5 Ne8 28. Nc8 Be6 29. Ne7+ Kf7 30. Ra7 Kf6 31. Nc6 Nd6 32. b6 Rc8 33. Nd4
Rb8 34. Nxe6 Kxe6 35. Rxg7 Rxb6 36. Rxh7 Rb2+ 37. Kf1 Nc4 38. Rh3 Kd5 39. Rg3
Nd2+ 40. Kg1 Kc4 41. h4 Kd3 42. Rh3 Ke2 43. h5 Rb1+ 44. Kh2 Kf2 0-1

[Event "NED-ch 2012"]
[Site "Amsterdam"]
[Date "2012.07.21"]
[Round "7"]
[White "Sokolov, Ivan"]
[Black "Ernst, Sipke"]
[Result "1-0"]
[WhiteElo "2676"]
[BlackElo "2558"]
[PlyCount "75"]
[EventDate "2012.07.15"]

1. d4 Nf6 2. c4 c5 3. d5 e6 4. Nc3 exd5 5. cxd5 Bd6 6. Nf3 O-O 7. Bg5 Re8 8. e3
Bf8 9. Be2 d6 10. Nd2 Nbd7 11. O-O a6 12. a4 b6 13. e4 Rb8 14. h3 h6 15. Bh4 g5
16. Bg3 Ne5 17. f4 gxf4 18. Rxf4 Ng6 19. Rf2 Nd7 20. Nc4 Nde5 21. Nxe5 Nxe5 22.
Kh1 Qg5 23. Bf4 Qh4 24. Qf1 Bg7 25. Bh2 Ra8 26. Ra3 Ra7 27. Rb3 Qd8 28. Nb1 c4
29. Bxc4 b5 30. Be2 bxa4 31. Ra3 Qb6 32. Rxa4 Qxb2 33. Bh5 Qb6 34. Nd2 Bd7 35.
Nc4 Qb8 36. Bxe5 Bxa4 37. Bxg7 Kxg7 38. Rxf7+ 1-0

[Event "NED-ch 2012"]
[Site "Amsterdam"]
[Date "2012.07.21"]
[Round "7"]
[White "L'Ami, Erwin"]
[Black "Swinkels, Robin"]
[Result "1-0"]
[WhiteElo "2615"]
[BlackElo "2485"]
[PlyCount "99"]
[EventDate "2012.07.15"]

1. Nf3 d5 2. d4 Nf6 3. c4 dxc4 4. e3 e6 5. Bxc4 c5 6. O-O a6 7. dxc5 Bxc5 8.
Qxd8+ Kxd8 9. Ne5 Ke7 10. Be2 Bd7 11. Bf3 Nc6 12. Nxc6+ Bxc6 13. Bxc6 bxc6 14.
Bd2 Ne4 15. Rc1 Rhb8 16. Rc2 a5 17. Be1 Ra6 18. Nc3 Nxc3 19. Bxc3 f6 20. Kf1
Bb4 21. Bd2 Bxd2 22. Rxd2 a4 23. Rc1 Rab6 24. Rcc2 f5 25. Ke2 c5 26. Kd1 Rb4
27. a3 Rb3 28. Kc1 R8b5 29. Rc4 Ra5 30. e4 fxe4 31. Rxe4 h5 32. Rde2 Rb6 33. h4
g6 34. f3 Ra8 35. Re5 Rc8 36. Rc2 c4 37. Ra5 c3 38. Rxc3 Rxc3+ 39. bxc3 Rb3 40.
Rxa4 Rxc3+ 41. Kb2 Rd3 42. Rc4 Rd2+ 43. Rc2 Rd4 44. Kb3 Rxh4 45. a4 Kd6 46. a5
Rh1 47. a6 Ra1 48. Ra2 Rxa2 49. Kxa2 Kc6 50. Kb3 1-0

[Event "NED-ch 2012"]
[Site "Amsterdam"]
[Date "2012.07.21"]
[Round "7"]
[White "Smeets, Jan"]
[Black "Giri, Anish"]
[Result "1/2-1/2"]
[WhiteElo "2620"]
[BlackElo "2696"]
[PlyCount "66"]
[EventDate "2012.07.15"]

1. e4 e5 2. Nf3 Nc6 3. Bb5 Nf6 4. O-O Nxe4 5. Re1 Nd6 6. Nxe5 Be7 7. Bf1 Nf5 8.
c3 Nxe5 9. Rxe5 d6 10. Re1 O-O 11. d4 d5 12. Bd3 c6 13. Bf4 Bd6 14. Qf3 Bxf4
15. Qxf4 Qh4 16. Qxh4 Nxh4 17. Nd2 Bf5 18. Bf1 Rfe8 19. g3 Ng6 20. f3 Kf8 21.
Kf2 Rxe1 22. Rxe1 a5 23. g4 Bd7 24. Kg3 Ne7 25. Bd3 h6 26. Nf1 b6 27. Ne3 c5
28. c4 Rc8 29. Nxd5 Nxd5 30. cxd5 c4 31. Bc2 b5 32. Re3 b4 33. Kf2 b3 1/2-1/2